<?xml version="1.0" encoding="UTF-8"?><?xml-stylesheet type="text/xsl" href="static/style.xsl"?><OAI-PMH xmlns="http://www.openarchives.org/OAI/2.0/" xmlns:xsi="http://www.w3.org/2001/XMLSchema-instance" xsi:schemaLocation="http://www.openarchives.org/OAI/2.0/ http://www.openarchives.org/OAI/2.0/OAI-PMH.xsd"><responseDate>2026-04-13T06:55:08Z</responseDate><request verb="GetRecord" identifier="oai:www.recercat.cat:10459.1/64973" metadataPrefix="marc">https://recercat.cat/oai/request</request><GetRecord><record><header><identifier>oai:recercat.cat:10459.1/64973</identifier><datestamp>2024-12-05T22:03:48Z</datestamp><setSpec>com_2072_3622</setSpec><setSpec>col_2072_479130</setSpec></header><metadata><record xmlns="http://www.loc.gov/MARC21/slim" xmlns:dcterms="http://purl.org/dc/terms/" xmlns:xsi="http://www.w3.org/2001/XMLSchema-instance" xmlns:doc="http://www.lyncode.com/xoai" xsi:schemaLocation="http://www.loc.gov/MARC21/slim http://www.loc.gov/standards/marcxml/schema/MARC21slim.xsd">
   <leader>00925njm 22002777a 4500</leader>
   <datafield ind2=" " ind1=" " tag="042">
      <subfield code="a">dc</subfield>
   </datafield>
   <datafield ind2=" " ind1=" " tag="720">
      <subfield code="a">Visa Barbosa, Mariona</subfield>
      <subfield code="e">author</subfield>
   </datafield>
   <datafield ind2=" " ind1=" " tag="260">
      <subfield code="c">2018-10-25T07:22:55Z</subfield>
   </datafield>
   <datafield ind2=" " ind1=" " tag="260">
      <subfield code="c">2018-10-25T07:22:55Z</subfield>
   </datafield>
   <datafield ind2=" " ind1=" " tag="260">
      <subfield code="c">2017</subfield>
   </datafield>
   <datafield ind2=" " ind1=" " tag="520">
      <subfield code="a">Este artículo analiza 20 películas en las que aparece representada la lactancia materna, desde el año 1973 hasta la actualidad, para observar como se visualiza el amamantamiento en el cine y qué connotaciones recibe. La metodología utilizada se ha basado en un análisis de contenido cualitativo del discurso y de la información visual de las películas, así cómo de una encuesta realizada a 150 personas sobre la representación de la lactancia en los medios de comunicación. Las	conclusiones	del	estudio	confirman	las	hipótesis	de	entrada,	destacando	como	la	lactancia	materna	está	infrarepresentada	en	la	producción	cinematográfica	general,	vinculada	en	numerosas	ocasiones a situaciones eróticas y humorísticas. Igualmente, contribuye a propagar falsos mitos sobre el amamantamiento y representa como una anormalidad la lactancia a niños mayores de un año de edad.</subfield>
   </datafield>
   <datafield ind2=" " ind1=" " tag="520">
      <subfield code="a">This	paper	analizes	brestfeeding	representations	in	20	films,	since	1973	until	today,	to	see	how breastfeeding is shown in the cinema and what connotations receives. The methodology used is based	on	a	qualitative	content	analysis	of	discourse	and	visual	information	of	the	films,	as	well	as	of	a	150	people	survey	about	breastfeeding	representation	in	the	media.	The	findings	confirm	the	starting	hypothesis,	highlighting	how	breastfeeding	is	under	represented	in	film	production,	and	linked	to	erotic	and humorous situations. It also contributes to spread false myths and represent as an abnormality the breastfeeding of children over one year old.</subfield>
   </datafield>
   <datafield ind1="8" ind2=" " tag="024">
      <subfield code="a">http://hdl.handle.net/10459.1/64973</subfield>
   </datafield>
   <datafield tag="653" ind2=" " ind1=" ">
      <subfield code="a">Lactancia</subfield>
   </datafield>
   <datafield tag="653" ind2=" " ind1=" ">
      <subfield code="a">Maternidad</subfield>
   </datafield>
   <datafield tag="653" ind2=" " ind1=" ">
      <subfield code="a">Cine</subfield>
   </datafield>
   <datafield tag="653" ind2=" " ind1=" ">
      <subfield code="a">Estereotipos de género</subfield>
   </datafield>
   <datafield ind2="0" ind1="0" tag="245">
      <subfield code="a">La representación de la lactancia materna en el cine</subfield>
   </datafield>
   <datafield ind2="0" ind1="0" tag="245">
      <subfield code="a">Representation of breastfeeding in cinema</subfield>
   </datafield>
</record></metadata></record></GetRecord></OAI-PMH>